00590nam a22001577a 4500003000400000005001700004008004100021020001800062040002500080100002900105245010900134260004200243300003800285500007600323504003300399OSt20201030145709.0201014b 2013 dr a 00| 0 eng d a9789945465204 aDO-SdBNPbspacBNPHU1 aMartínez, J. Adarberto10aLa escuela que aprende : buna aproximación a la educación prefigurativa /cJ. Adarberto Martínez. aSanto Domingo :bEdiciones CP,c2013. a233 p. :bil., retrs. ; c21 cm.  aIncluye referencias bibliográficas y notas al pie de las páginas.  aBibliografía : p. 227-233